|
|
|
|
| LEADER |
00000nam0a2200000 4500 |
| 001 |
183902 |
| 005 |
20231101223812.0 |
| 035 |
|
|
|a (RuTPU)RU\TPU\book\199376
|
| 090 |
|
|
|a 183902
|
| 100 |
|
|
|a 20100824d1978 km y0rusy50 ca
|
| 101 |
0 |
|
|a rus
|
| 102 |
|
|
|a RU
|
| 105 |
|
|
|a a z 000zy
|
| 200 |
1 |
|
|a Механика
|f В. Г. Зубов
|
| 210 |
|
|
|a Москва
|c Наука
|d 1978
|
| 215 |
|
|
|a 352 с.
|c ил.
|
| 225 |
1 |
|
|a Начала физики
|
| 606 |
1 |
|
|a Механика
|2 stltpush
|3 (RuTPU)RU\TPU\subj\67812
|9 83462
|
| 610 |
1 |
|
|a физика
|
| 610 |
1 |
|
|a кинематика
|
| 610 |
1 |
|
|a динамика
|
| 610 |
1 |
|
|a понятия
|
| 610 |
1 |
|
|a законы
|
| 610 |
1 |
|
|a тела
|
| 610 |
1 |
|
|a механические свойства
|
| 610 |
1 |
|
|a законы Ньютона
|
| 610 |
1 |
|
|a работа
|
| 610 |
1 |
|
|a энергия
|
| 610 |
1 |
|
|a закон сохранения энергии
|
| 610 |
1 |
|
|a вращение
|
| 675 |
|
|
|a 531
|v 3
|
| 700 |
|
1 |
|a Зубов
|b В. Г.
|g Виктор Геннадиевич
|
| 801 |
|
1 |
|a RU
|b 63413507
|c 20100824
|
| 801 |
|
2 |
|a RU
|b 63413507
|c 20160519
|g RCR
|
| 942 |
|
|
|c BK
|